000 00597nam a22002177a 4500
003 OSt
005 20140310181804.0
008 130704t xxu||||| |||| 00| 0 eng d
020 _a817439012X
050 _aCT 105
_b.R748 1996
082 _aREF 909
_bR64 1996
245 _a100 women who shaped world history /
_cGail Meyer Rolka.
260 _aNew Delhi :
_bGemini Books,
_c1996.
300 _a112 p. :
_bill. ;
_c23 cm.
500 _aIncludes index.
520 _a1. Women--biography.
521 _aBasic ed. students
541 _j1
562 _e1
942 _2lcc
_cBK-GR
_kREF
999 _c3761
_d3761